00366 a2200109 4500001000900000005001700009008004100026245007400067100002200141773007600163999001700239ART_967320260410161837.0260409a 10aAnálisis e interpretación de la aplicación del método Simplex1 aBonatti, Patricia0 tContabilidad y administracióng- Año 6, Nº 60 (jun. 1982)wREV5485 c23793d23793